| 000 | 01042nam a2200349Ia 4500 | ||
|---|---|---|---|
| 003 | OSt | ||
| 005 | 20220912144705.0 | ||
| 006 | a|||||r|||| 00| 0 | ||
| 007 | ta | ||
| 008 | 220909b |||||||| |||| 00| 0 eng d | ||
| 020 | _a9789814304658 (pbk) | ||
| 020 | _aSL01534993 | ||
| 024 | _a152764 | ||
| 037 | _b4120, 21/10/2011, New India Book Agency | ||
| 037 | _cTextual | ||
| 040 |
_aCSL _beng _cCSL |
||
| 041 | _aeng | ||
| 082 | _aC6:21, Q1 TC | ||
| 100 | _aCooper Leon, N Ed.; Feldman Dmirtri Ed. | ||
| 245 | 0 | _aBCS: 50 years | |
| 260 |
_aSingapore _bWSP _c2011 |
||
| 300 | _av:575p. | ||
| 500 | _ainclude bibliographical references; Index 569-575p | ||
| 650 | _a Fluctroation | ||
| 650 | _a Superconductivity | ||
| 650 | _a Superconductors | ||
| 650 | _a Superfluidity | ||
| 650 | _aPhysics | ||
| 700 | _aCooper Leon, N Ed.; Feldman Dmirtri Ed. | ||
| 942 |
_hC6:21, Q1 TC _cTEXL _2CC |
||
| 999 |
_c15923 _d15923 |
||